Các văn bản pháp luật về thanh tra

Na minha lista:
Detalhes bibliográficos
Formato: Livro
Idioma:Undetermined
Publicado em: Hà Nội Lao động xã hội 2002
Tags: Adicionar Tag
Sem tags, seja o primeiro a adicionar uma tag!
Thư viện lưu trữ: Trung tâm Học liệu Trường Đại học Cần Thơ
LEADER 00437nam a2200157Ia 4500
001 CTU_61843
008 210402s9999 xx 000 0 und d
020 |c 68000 
082 |a 352.83 
082 |b C101 
245 0 |a Các văn bản pháp luật về thanh tra 
260 |a Hà Nội 
260 |b Lao động xã hội 
260 |c 2002 
904 |i Minh,Hải 
980 |a Trung tâm Học liệu Trường Đại học Cần Thơ